It looks like you're offline.
Open Library logo
additional options menu

MARC record from Internet Archive

LEADER: 00688cam a22002290 4500
001 712134
008 720427s1861 sp spa |
035 $a(Sirsi) AET-9234
035 $a22102-3
035 $a(OCoLC)2776947
040 $aOTU$bENG
090 19 $aLS M3853nz.2$bROBA$c1
100 20 $aMartínez de la Rosa, Francisco,$d1787-1862.
243 10 $aSelected works
245 00 $aObras dramáticas.
260 0 $aMadrid,$bRivadeneyra,$c1861.
300 $a3 vol.
596 $a26 52
948 $a07/15/1992$b05/09/1999
926 $aROBARTS$bTRANSFER$cLS M3853nz.2 v.1$dBOOK$f1
926 $aROBARTS$bTRANSFER$cLS M3853nz.2 v.3$dBOOK$f1
926 $aDOWNSVIEW$bREMOTE$cLS M3853nz.2 v.2$dBOOK$f1